000 00508nam a2200193Ia 4500
008 151119s9999||||xx |||||||||||||| ||und||
082 _a891.467
082 _bGKKV6407
100 _aकोलारकर शरद
245 _aपाणीपुरी
260 _a--
260 _b--
260 _c1991
600 _aकोलारकर शरद
630 _aपाणीपुरी
700 _aकोलारकर शरद
730 _aपाणीपुरी
942 _cBOOK
999 _c1061264
_d1061261